UBT Library

Medical surgical nursing: (Record no. 1690)

000 -LEADER
fixed length control field 00313nam a22001217a 4500
008 - FIXED-LENGTH DATA ELEMENTS--GENERAL INFORMATION
fixed length control field 160429b xxu||||| |||| 00| 0 eng d
020 ## - INTERNATIONAL STANDARD BOOK NUMBER
International Standard Book Number 9781416049036
020 ## - INTERNATIONAL STANDARD BOOK NUMBER
International Standard Book Number 9996047865
041 ## - LANGUAGE CODE
Language code of text/sound track or separate title eng
080 ## - UNIVERSAL DECIMAL CLASSIFICATION NUMBER
Universal Decimal Classification number 618.2
245 ## - TITLE STATEMENT
Title Medical surgical nursing:
Statement of responsibility, etc Donna D. Ignatavicius; M. Linda Workman;
942 ## - ADDED ENTRY ELEMENTS (KOHA)
Source of classification or shelving scheme
Item type Books
Holdings
Withdrawn status Lost status Source of classification or shelving scheme Damaged status Not for loan Collection code Permanent location Current location Shelving location Date acquired Total Checkouts Full call number Barcode Date last seen Price effective from Koha item type
          Koleksioni i përgjithshem UBT - Lipjan UBT - Lipjan Koleksioni i përgjithshem 04/29/2016   618.2 IGN 002-028105 01/04/2017 04/29/2016 Books
          Koleksioni i përgjithshem UBT - Lipjan UBT - Lipjan Koleksioni i përgjithshem 01/16/2017   618.2 IGN 002029998 01/16/2017 01/16/2017 Books
          Koleksioni i përgjithshem UBT - Lipjan UBT - Lipjan Koleksioni i përgjithshem 01/16/2017   618.2 IGN 002-030051 01/16/2017 01/16/2017 Books
          Koleksioni i përgjithshem UBT - Lipjan UBT - Lipjan Koleksioni i përgjithshem 06/07/2021   610.73 IGN 002-7003749 06/07/2021 06/07/2021 Books
          Koleksioni i përgjithshem UBT - Lipjan UBT - Lipjan   11/30/2022   610.73ING 002-800028700260883 11/30/2022 11/30/2022 Books
UBT Library © 2015-2024. All rights reserved University Education for Business and Technology